Manual para tčnico documental en notara̕s Tomo I

Detalles Bibliográficos
Autor principal: Candela Cerdǹ, Juan
Formato: eBook
Lenguaje:español
Publicado: Madrid : Dykinson, 2009
Edición:2a ed
Materias:
Acceso en línea:Acceso restringido

MARC

LEADER 00000nam a2200000 a 4500
005 20150204122327.0
007 cr |||||||||||
008 150204s2009 sp s 000 0 spa|c
020 |a 978-84-9849-370-2 
035 |a 12597 
040 |a vLex 
090 |c 5348  |d 5348 
100 1 |a Candela Cerdǹ, Juan 
245 1 0 |a Manual para tčnico documental en notara̕s  |h [Recurso electrn̤ico] /  |c Juan Candela Cerdǹ  |n Tomo I 
250 |a 2a ed 
256 |a Servicio en ln̕ea 
260 |a Madrid :  |b Dykinson,  |c 2009 
300 |a 1 recurso electrn̤ico 
500 |a Esta obra es un compendio de lo ms̀ sustancial y, en su caso, una compilacin̤ breve de lo que es, en la actualidad, la oficina y la funcin̤ notarial, aunque como es obvio atendiendo a los documetnos, acciones y procedimientos notariales ms̀ comunes. Se ha querido transmitir por el autor el conocimiento de las facetas ms̀ tčnicas de una ofician notarial, desde el punto de vista de un oficial de notaria. Contiene, en parte, la ley de prevencin̤ del fraude, y muy especialmente las l︢timas modificaciones a la Ley del Notariado de 1862, aprobadas por el Pleno del Congreso, el 2 de Noviembre de 2006, y publicadas por el BOE el 30 del mismo mes, con entrada en vigor el 1 de Diciembre de 2006, y reformada del Reglamento Notarial, con entrada en vigor el 1 de febrero de 2007, afectantes al desarrollo de los documentos notariales y de la vida y prc̀tica notarial. 
504 |a Bibliografa̕ 
506 1 |a Contenido disponible en los productos indicados  |d vLex Global  |d vLex Global (Academic Edition, excluding Law Schools)  |d vLex Global (U.S. Academic Edition, Law Schools)  |d vLex Global (U.S. Academic Edition, excluding Law Schools)  |d vLex Global (Academic Edition, Law Schools) 
650 0 4 |a Notariado 
650 0 4 |a Derecho 
651 0 4 |a Espaą 
740 0 |a vLex Libros (Servicio en ln̕ea) 
856 |z Acceso restringido  |u http://vlex.com/source/manual-para-tecnico-documental-en-notarias-tomo-i-2da-edicion-12597 
942 |c BOOK 
999 0 |a Notaries 
999 0 |a Law